| Tag |
First Indicator |
Second Indicator |
Subfields |
| LEADER |
00000cam a2200000 i 4500 |
| 001 |
in00004466735 |
| 005 |
20210930112859.0 |
| 008 |
780517s1978 mnu b 00110 eng |
| 010 |
|
|
|a 78050021
|
| 020 |
|
|
|a 0816608288
|
| 035 |
|
|
|a (OCoLC)03777454
|
| 035 |
|
|
|z (UtOrBLW)9080
|
| 035 |
|
|
|a 15928
|
| 040 |
|
|
|a DLC
|c DLC
|d TMC
|d TXA
|d UtOrBLW
|
| 043 |
|
|
|a n------
|
| 049 |
|
|
|a TMVM
|c 1
|
| 060 |
|
4 |
|a SF 810.A3
|b G855h 1978
|
| 100 |
1 |
|
|a Griffiths, Henry Joseph,
|d 1910-
|
| 245 |
1 |
2 |
|a A handbook of veterinary parasitology :
|b domestic animals of North America /
|c Henry J. Griffiths.
|
| 264 |
|
1 |
|a Minneapolis :
|b University of Minnesota Press,
|c [1978]
|
| 264 |
|
4 |
|c ©1978
|
| 300 |
|
|
|a vii, 248 pages ;
|c 23 cm.
|
| 336 |
|
|
|a text
|2 rdacontent
|b txt
|
| 337 |
|
|
|a unmediated
|2 rdamedia
|
| 338 |
|
|
|a volume
|2 rdacarrier
|b nc
|
| 504 |
|
|
|a Includes bibliographies and index.
|
| 650 |
|
2 |
|a Parasites
|x classification.
|
| 650 |
|
2 |
|a Parasitic Diseases, Animal.
|
| 651 |
|
2 |
|a North America.
|
| 655 |
|
2 |
|a Handbook.
|
| 999 |
|
|
|a MARS
|
| 999 |
f |
f |
|s c0c12ba9-995d-31f8-b1ed-50ebe683dbcd
|i 5e973ed7-d301-3d23-8482-25ceb131a2f8
|t 0
|
| 952 |
f |
f |
|p preservation
|a Texas A&M University
|b J.J. Pickle Campus
|c High Density Repository
|d Remote Storage
|t 0
|e SF 810.A3 G855H 1978
|h National Library of Medicine classification
|i unmediated -- volume
|m 323890010267+
|
| 998 |
f |
f |
|a SF 810.A3 G855H 1978
|t 0
|l Remote Storage
|